[Event "Wuerttemberg 1-Niedersachsen 1"]
[Site "?"]
[Date "2015.09.12"]
[Round "7.1"]
[White "Clemens, Christian"]
[Black "Frick, Christoph"]
[Result "0-1"]
[WhiteElo "2211"]
[BlackElo "2204"]
[PlyCount "61"]
[EventDate "2015.??.??"]
[WhiteTeam "Niedersachsen 1"]
[BlackTeam "Wuerttemberg 1"]

1. g3 c5 2. c4 g6 3. Bg2 Bg7 4. Nc3 Nc6 5. a3 d6 6. Rb1 Bd7 7. e3 Qc8 8. h3 Rb8
9. Nge2 a6 10. b4 cxb4 11. axb4 b5 12. cxb5 axb5 13. d4 Nf6 14. e4 O-O 15. Be3
e5 16. d5 Nd4 17. Rc1 Nxe2 18. Qxe2 Qb7 19. O-O Rfc8 20. Qb2 Rc4 21. Ra1 Qc8 22.
Rfc1 Bxh3 23. Ra5 Bxg2 24. Kxg2 Ng4 25. Ba7 Rb7 26. Nxb5 Rxc1 27. Nxd6 Qc7 28.
Nxb7 Qc4 29. Nd6 Qf1+ 30. Kf3 Qh1+ 31. Ke2 0-1

[Event "Wuerttemberg 1-Niedersachsen 1"]
[Site "?"]
[Date "2015.09.12"]
[Round "7.2"]
[White "Fritsch, Rolf"]
[Black "Ljubarskij, Juri"]
[Result "1-0"]
[WhiteElo "2219"]
[BlackElo "2226"]

1. e4 e5 2. Nf3 Nc6 3. g3 Nf6 4. d3 d5 5. Nbd2 dxe4 6. dxe4 Bc5 7. Bg2 O-O 8.
O-O Qe7 9. c3 a5 10. Nh4 Bg4 11. Qc2 Rad8 12. Nc4 Qd7 13. Bg5 Qd3 14. Qxd3 Rxd3
15. Nf5 Nd7 16. a4 f6 17. Be3 Rd8 18. Rfe1 Bxf5 19. exf5 Bxe3 20. Nxe3 Nc5 21.
Bf1 R3d7 22. Bb5 Kf8 23. Kg2 Nb3 24. Ra3 Nd2 25. Bxc6 bxc6 26. f3 c5 27. Re2 Rd3
28. Kf2 Rxe3 29. Rxe3 Nc4 30. Rb3 Nxe3 31. Kxe3 c4 32. Rb5 Rd6 33. h4 g6 34. Ke4
Rd2 35. f4 exf4 36. gxf4 Re2+ 37. Kf3 Rh2 38. Rxa5 Rxb2 39. Rc5 gxf5 40. Rxc7
Rh2 41. Kg3 Ra2 42. Rxc4 Kg7 43. Kf3 Kg6 44. Ke3 Kh5 45. Rb4 Kxh4 46. c4 Kg4 47.
c5 Rc2 48. Rb7 Rxc5 49. Rg7+ Kh5 50. Rxh7+ Kg4 51. Rg7+ Kh4 52. Rd7 Kg4 53. Rd4
Kg3 54. Kd3 Kf3 55. Rc4 Rd5+ 56. Kc3 Ke3 57. Kb4 Kd3 58. Rc3+ Ke4 59. Rc4+ Kd3
60. Kb3 Ra5 61. Rc6 Ra8 62. Re6 Kd4 63. Rb6 Ke4 64. Rb4+ Kd5 65. Kc3 Ra5 66. Kb3
Ra8 67. Ka3 Ra7 68. Kb3 Ra8 69. Kc3 Ra5 70. Kd3 Kc5 71. Rc4+ Kd5 72. Rd4+ Kc5
73. Kc3 Ra8 74. Rb4 Ra5 75. Kb3 Ra8 76. Rb5+ Kd4 77. Rxf5 Ra6 78. Rb5 Ke4 79. f5
Kd4 80. Kb4 Rc6 81. a5 Rc4+ 82. Kb3 Rc3+ 83. Kb2 Rc6 84. Rb4+ Ke5 85. Rb5+ Kd4
86. Rb4+ Ke5 87. Rb5+ Kd4 88. Ka3 Kc4 89. Ka4 Rc8 90. Rb6 Kc5 91. Rxf6 Rh8 92.
a6 Rh1 93. Kb3 Rh3+ 94. Kc2 Ra3 95. Re6 Kd5 96. Kd2 Kc5 97. f6 Kd5 98. Re8 1-0

[Event "Wuerttemberg 1-Niedersachsen 1"]
[Site "?"]
[Date "2015.09.12"]
[Round "7.3"]
[White "Adibekian, Roubik, Dr."]
[Black "Seyfried, Claus"]
[Result "1-0"]
[WhiteElo "2210"]
[BlackElo "2159"]

1. d4 d5 2. g3 c5 3. Bg2 Nc6 4. Nf3 Bg4 5. Ne5 Nxe5 6. dxe5 e6 7. O-O Ne7 8. c4
Qd7 9. h3 Bf5 10. Nc3 Rd8 11. g4 Bg6 12. cxd5 exd5 13. f4 d4 14. Ne4 Bxe4 15.
Bxe4 h5 16. Bf3 Ng6 17. Qb3 b6 18. gxh5 Nh4 19. Bg4 Qc6 20. Qg3 Be7 21. f5 c4
22. f6 gxf6 23. Qxh4 d3 24. Be3 fxe5 25. Qf2 Qd5 26. Rad1 Rd6 27. exd3 cxd3 28.
Qf5 Bf6 29. Rc1 Rg8 30. h6 Bd8 31. h7 Rh8 32. Rc8 e4 33. Qxd5 Rxd5 34. Rf5 Rd6
35. Re5+ Kf8 36. Bd2 Rxh7 37. Bb4 1-0

[Event "Wuerttemberg 1-Niedersachsen 1"]
[Site "?"]
[Date "2015.09.12"]
[Round "7.4"]
[White "Weisenburger, Horst"]
[Black "Jolowicz, Matias, Dr."]
[Result "1-0"]
[WhiteElo "2153"]
[BlackElo "2159"]

1. f4 g6 2. Nf3 Bg7 3. g3 d6 4. Bg2 e5 5. fxe5 dxe5 6. e4 Ne7 7. O-O O-O 8. d3
Nbc6 9. Be3 f6 10. Qd2 Be6 11. c3 Qd7 12. d4 exd4 13. cxd4 Bh3 14. d5 Ne5 15.
Nxe5 fxe5 16. Bxh3 Qxh3 17. Na3 a6 18. Qb4 Rxf1+ 19. Rxf1 Rf8 20. Rxf8+ Bxf8 21.
Bc5 Qh6 22. Qc3 Qg7 23. Nc4 Nc8 24. Bxf8 Kxf8 25. Nxe5 Nd6 26. Qf3+ Ke7 27. Nd3
Qd4+ 28. Nf2 Qxb2 29. Qf4 Qf6 30. Kg2 Qxf4 31. gxf4 Nb5 32. Nd1 c6 33. dxc6 bxc6
34. Kf2 Kf6 35. h4 Ke6 36. Ke3 Kd6 37. Kd3 Nc7 38. e5+ Kc5 39. Nc3 Ne6 40. Ne2
Kd5 41. Nc3+ Kc5 42. Ne4+ Kd5 43. Nf6+ Kc5 44. Ke4 Kb4 45. Nxh7 c5 46. Ng5 Ng7
47. e6 c4 48. e7 Ka3 49. Ne6 Ne8 50. Kd4 Kxa2 51. Kxc4 Kb2 52. Nc5 a5 53. f5 a4
54. Nxa4+ 1-0

[Event "Baden-Brandenburg 1"]
[Site "?"]
[Date "2015.09.12"]
[Round "7.1"]
[White "Schulz, Michael"]
[Black "Nekrasov, Mihail"]
[Result "1/2-1/2"]
[WhiteElo "2214"]
[BlackElo "2394"]

1. d4 Nf6 2. Bg5 d5 3. Bxf6 exf6 4. e3 Bd6 5. c4 dxc4 6. Bxc4 O-O 7. Nc3 f5 8.
Nf3 Nd7 9. O-O c6 10. Re1 Nf6 11. Qc2 Qe7 12. Bd3 g6 13. a3 Re8 14. e4 fxe4 15.
Nxe4 Nxe4 16. Rxe4 1/2-1/2

[Event "Baden-Brandenburg 1"]
[Site "?"]
[Date "2015.09.12"]
[Round "7.2"]
[White "Werner, Clemens"]
[Black "Walter, Guenter"]
[Result "1/2-1/2"]
[WhiteElo "2330"]
[BlackElo "2203"]

1. e4 g6 2. d4 Bg7 3. Nc3 d6 4. f4 a6 5. a4 Nc6 6. Be3 Nf6 7. Be2 O-O 8. e5 dxe5
9. dxe5 Qxd1+ 10. Rxd1 Ng4 11. Bc5 b6 12. h3 bxc5 1/2-1/2

[Event "Baden-Brandenburg 1"]
[Site "?"]
[Date "2015.09.12"]
[Round "7.3"]
[White "Grottke, Hans-Joachim, Dr."]
[Black "Herbrechtsmeier, Christof"]
[Result "1/2-1/2"]
[WhiteElo "2193"]
[BlackElo "2275"]

1. e4 c5 2. Nf3 g6 3. c4 Nc6 4. d4 cxd4 5. Nxd4 Nf6 6. Nc3 Nxd4 7. Qxd4 d6 8.
Be2 Bg7 9. Be3 O-O 10. Qd2 Be6 11. O-O Qa5 12. Rac1 Rfc8 13. b3 a6 14. Nd5 Qxd2
15. Bxd2 Nxd5 16. cxd5 1/2-1/2

[Event "Baden-Brandenburg 1"]
[Site "?"]
[Date "2015.09.12"]
[Round "7.4"]
[White "Kiefer, Gerhard"]
[Black "Walkewitz, Hubert"]
[Result "1-0"]
[WhiteElo "2230"]
[BlackElo "2140"]

1. e4 d5 2. exd5 Qxd5 3. Nc3 Qa5 4. d4 Nf6 5. Nf3 c6 6. Bc4 Bf5 7. Bd2 e6 8. Nd5
Qd8 9. Nxf6+ Qxf6 10. Qe2 Bg4 11. d5 Bxf3 12. gxf3 Qxb2 13. O-O cxd5 14. Bxd5
Nd7 15. Rab1 Qxc2 16. Rxb7 Rd8 17. Bxe6 fxe6 18. Qxe6+ Be7 19. Bb4 Qg6+ 20.
Qxg6+ hxg6 21. Re1 O-O 22. Bxe7 Rfe8 23. Kf1 Nf6 24. Bxd8 Rxd8 25. Rxa7 Rd2 26.
Ree7 Nh5 27. a4 Kh7 28. a5 Kh6 29. h4 Nf4 30. Kg1 Rd1+ 31. Kh2 Rf1 32. Rxg7 g5
33. hxg5+ Kh5 34. Ra6 Ng6 35. Raxg6 Rxf2+ 36. Kg3 1-0

[Event "Hessen 1-Bremen"]
[Site "?"]
[Date "2015.09.12"]
[Round "7.1"]
[White "Buchal, Stephan"]
[Black "Clara, Hans-Joachim"]
[Result "1/2-1/2"]
[WhiteElo "2297"]
[BlackElo "2327"]

1. c4 c5 2. g3 g6 3. Bg2 Bg7 4. Nc3 Nc6 5. Nf3 e6 6. d3 Nge7 7. Bg5 h6 8. Bd2 d5
9. O-O b6 10. a3 O-O 11. Rb1 Bb7 12. Qc1 Kh7 13. b4 cxb4 14. axb4 dxc4 15. dxc4
a5 16. b5 Nb4 17. Ng5+ hxg5 18. Bxb7 Ra7 19. Bf3 g4 1/2-1/2

[Event "Hessen 1-Bremen"]
[Site "?"]
[Date "2015.09.12"]
[Round "7.2"]
[White "Nehmert, Ulrich"]
[Black "Rust-Lux, Klaus"]
[Result "1-0"]
[WhiteElo "2360"]
[BlackElo "2106"]

1. d4 Nf6 2. c4 g6 3. Nc3 Bg7 4. e4 d6 5. Nf3 O-O 6. h3 c5 7. Be3 Nbd7 8. d5 a6
9. a4 Re8 10. g4 e6 11. dxe6 Rxe6 12. Bd3 b6 13. Qc2 Bb7 14. O-O-O Qe8 15. Nd2
Ne5 16. f3 Nc6 17. Nd5 Nxd5 18. cxd5 Nb4 19. Qb3 Bxd5 20. Bc4 Bxc4 21. Nxc4 b5
22. Nxd6 Qc6 23. Bf4 Bf8 24. e5 Rb8 25. axb5 axb5 26. h4 Ra8 27. h5 Bxd6 28.
exd6 Re2 29. Kb1 c4 30. Qxb4 Qxf3 31. Rh3 Qxf4 32. Ra3 Qe4+ 33. Ka1 Rxa3+ 34.
Qxa3 Re1 35. Rxe1 Qxe1+ 36. Ka2 b4 37. Qa8+ Kg7 38. h6+ 1-0

[Event "Hessen 1-Bremen"]
[Site "?"]
[Date "2015.09.12"]
[Round "7.3"]
[White "Gerhardt, Peter-Michael"]
[Black "Bosbach, Gerhard"]
[Result "0-1"]
[WhiteElo "1969"]
[BlackElo "2204"]

1. d4 Nf6 2. c4 e6 3. Nf3 Bb4+ 4. Bd2 a5 5. e3 O-O 6. Be2 b6 7. O-O Bb7 8. Nc3
d6 9. a3 Bxc3 10. Bxc3 Ne4 11. Qc2 a4 12. Rfd1 f5 13. Ne1 Nd7 14. f3 Nxc3 15.
Qxc3 Qe7 16. Nd3 Rfc8 17. Qd2 e5 18. dxe5 Nxe5 19. Nb4 Ra5 20. Qc3 Nd7 21. Re1
Re5 22. Bf1 Re8 23. Nc2 Nc5 24. Rad1 g5 25. Qd2 Qg7 26. Qf2 g4 27. Kh1 R8e6 28.
Bd3 Rh6 29. Qg3 gxf3 30. Qxg7+ Kxg7 31. Bf1 Ne4 0-1

[Event "Hessen 1-Bremen"]
[Site "?"]
[Date "2015.09.12"]
[Round "7.4"]
[White "Kargoll, Herbert"]
[Black "Kuenitz, Bernhard"]
[Result "1/2-1/2"]
[WhiteElo "2184"]
[BlackElo "1879"]

1. e4 e6 2. d4 d5 3. Nc3 g6 4. Nf3 Bg7 5. Bg5 f6 6. Be3 dxe4 7. Nxe4 Ne7 8. Bc4
Nd5 9. Qd2 Nc6 10. Bh6 Qe7 11. Bxg7 Qxg7 12. O-O-O Bd7 13. Rde1 O-O-O 14. Nc5
Rhe8 15. Re2 Kb8 16. Rhe1 Qf7 17. Bb5 e5 18. Bxc6 Bxc6 19. dxe5 Nb6 20. e6 Qe7
21. Nd3 Bb5 22. Qc3 Bxd3 23. cxd3 Rd6 24. Kb1 Red8 25. d4 Nd5 1/2-1/2

[Event "Bayern-Berlin 1"]
[Site "?"]
[Date "2015.09.12"]
[Round "7.2"]
[White "Jergler, Karl-Heinz"]
[Black "Postler, Reinhard"]
[Result "1/2-1/2"]
[WhiteElo "2213"]
[BlackElo "2215"]

1. e4 c5 2. c3 Nf6 3. e5 Nd5 4. Nf3 Nc6 5. d4 cxd4 6. cxd4 e6 7. Bd3 d6 8. O-O
Ndb4 9. Be2 dxe5 10. dxe5 Qxd1 11. Bxd1 1/2-1/2

[Event "Bayern-Berlin 1"]
[Site "?"]
[Date "2015.09.12"]
[Round "7.3"]
[White "Thormann, Wolfgang"]
[Black "Daeubler, Heinrich"]
[Result "1/2-1/2"]
[WhiteElo "2224"]
[BlackElo "2165"]

1. c4 c6 2. e4 d5 3. exd5 cxd5 4. cxd5 Nf6 5. Qa4+ Nbd7 6. Nc3 g6 7. Bc4 Bg7 8.
d3 O-O 9. Nf3 a6 10. Qa3 Nb6 11. O-O Nbxd5 12. Nxd5 Nxd5 1/2-1/2

[Event "Bayern-Berlin 1"]
[Site "?"]
[Date "2015.09.12"]
[Round "7.4"]
[White "Straub, Peter"]
[Black "Rohde, Wolfgang"]
[Result "1/2-1/2"]
[WhiteElo "2096"]
[BlackElo "2164"]

1. d4 Nf6 2. Nf3 g6 3. c4 Bg7 4. g3 c5 5. Bg2 O-O 6. O-O cxd4 7. Nxd4 Nc6 8. Nc3
Qa5 9. e4 d6 10. Nxc6 bxc6 11. Bd2 Qc5 12. Rc1 Bg4 13. Qa4 1/2-1/2

[Event "Sachsen-Anhalt 1-Rheinland-Pfalz 1"]
[Site "?"]
[Date "2015.09.12"]
[Round "7.1"]
[White "Giesen, Dieter"]
[Black "Liebert, Heinz"]
[Result "1/2-1/2"]
[WhiteElo "2201"]
[BlackElo "2215"]

1. e4 c5 2. Nc3 Nc6 3. Bb5 Nd4 4. Bc4 e6 5. Nge2 Ne7 6. Nxd4 cxd4 7. Ne2 Nc6 8.
d3 b5 9. Bb3 Qb6 10. a3 g6 11. O-O Bg7 12. f4 Bb7 13. Bd2 f5 14. Ng3 1/2-1/2

[Event "Sachsen-Anhalt 1-Rheinland-Pfalz 1"]
[Site "?"]
[Date "2015.09.12"]
[Round "7.2"]
[White "Hamm, Georg"]
[Black "Schumacher, Gottfried"]
[Result "0-1"]
[WhiteElo "2133"]
[BlackElo "2218"]
[PlyCount "76"]
[EventDate "2015.??.??"]
[WhiteTeam "Sachsen-Anhalt 1"]
[BlackTeam "Rheinland-Pfalz 1"]

1. Nf3 c5 2. g3 b6 3. Bg2 Bb7 4. d3 g6 5. e4 Bg7 6. O-O Nf6 7. Re1 O-O 8. Nbd2
d6 9. c3 e5 10. a4 Nc6 11. Nc4 Qc7 12. Ne3 Nd8 13. Nd2 Ne6 14. Ndc4 Qe7 15. Rf1
Rad8 16. Nd5 {RA} Nxd5 17. exd5 Nc7 18. Ne3 f5 19. f4 exf4 20. gxf4 Ba6 21. Kh1
Rfe8 22. Bf3 Qf7 23. Qc2 Re7 24. Bd2 Bh6 25. Bg2 Ne8 26. Rae1 Nf6 27. c4 Rde8
28. Qc1 Nh5 29. Nc2 Qf6 30. Rxe7 Rxe7 31. Re1 Rxe1+ 32. Nxe1 Qd4 33. Nf3 Qxd3
34. Qe1 Qe4 35. Qh4 Bxc4 36. Qd8+ Bf8 37. Ne1 Qe7 38. Qb8 Nxf4 0-1

[Event "Sachsen-Anhalt 1-Rheinland-Pfalz 1"]
[Site "?"]
[Date "2015.09.12"]
[Round "7.4"]
[White "Bauer, Burkhard"]
[Black "Kelchner, Hans"]
[Result "0-1"]
[WhiteElo "2052"]
[BlackElo "2161"]

1. d4 Nf6 2. Bf4 d5 3. e3 c5 4. c3 Qb6 5. Qb3 c4 6. Qc2 Nc6 7. Nd2 g6 8. Ngf3
Bf5 9. Qc1 Nh5 10. Be2 Nxf4 11. exf4 Qc7 12. Ne5 f6 13. Nxc6 bxc6 14. g3 Bh6 15.
Nf1 O-O 16. Ne3 Bh3 17. Bg4 Bxg4 18. Nxg4 Bg7 19. O-O h5 20. Ne3 e5 21. f5 Qf7
22. Qc2 g5 23. b3 cxb3 24. axb3 Rfb8 25. Ra3 Bf8 26. Ra2 Bd6 27. Rb1 Kg7 28. Qd1
Kh6 29. b4 Qb7 30. Rba1 Re8 31. Nc2 Qd7 32. Ra6 Qb7 33. Qd3 Bc7 34. Kg2 Bb6 35.
h3 Re7 36. R6a2 Qd7 37. g4 e4 38. Qf1 Qd6 39. Kg1 hxg4 40. hxg4 Rh7 41. Qg2 Kg7
42. Ne3 Rah8 43. Nf1 Qf4 44. Qg3 Rh3 45. Rxa7+ Bxa7 46. Rxa7+ Kf8 47. Ra8+ Ke7
48. Ra7+ Kd8 49. Qxf4 gxf4 50. g5 fxg5 51. f6 Ke8 52. Rg7 Rh1+ 0-1

[Event "Hamburg 1-Berlin 2"]
[Site "?"]
[Date "2015.09.12"]
[Round "7.2"]
[White "Horn, Peter"]
[Black "Albrecht, Rainer"]
[Result "1/2-1/2"]
[WhiteElo "2110"]
[BlackElo "2036"]

1. c4 f5 2. Nf3 Nf6 3. g3 e6 4. Bg2 Be7 5. O-O O-O 6. Nc3 d6 7. d3 Nc6 8. Rb1
Qe8 9. b4 Qh5 10. b5 Nd8 1/2-1/2

[Event "Hamburg 1-Berlin 2"]
[Site "?"]
[Date "2015.09.12"]
[Round "7.3"]
[White "Federau, Juergen"]
[Black "Maahs, Erich"]
[Result "1-0"]
[WhiteElo "2121"]
[BlackElo "2081"]

1. d4 Nf6 2. c4 e6 3. Nc3 Bb4 4. e3 O-O 5. Bd3 c5 6. Nf3 d6 7. O-O Nc6 8. Qc2
Bxc3 9. Qxc3 Re8 10. Nd2 e5 11. d5 Ne7 12. e4 Ng6 13. g3 Bh3 14. Re1 Qd7 15. Nf1
h6 16. f3 Nh7 17. Ne3 Ng5 18. Kf2 Ne7 19. Qc2 Nh7 20. Nf5 Bxf5 21. exf5 Nf6 22.
g4 b5 23. b3 bxc4 24. bxc4 Rab8 25. Bd2 Kh8 26. Rg1 Neg8 27. Rg3 Nh7 28. Rag1 f6
29. h4 Rb7 30. Kg2 Reb8 31. Bc1 Qe8 32. Kh2 e4 33. fxe4 Qe5 34. Kh3 Rb2 35. Bxb2
Rxb2 36. Qc1 Rxa2 37. R3g2 Ra4 38. Qb2 Qf4 39. Rf1 Qe3+ 40. Rg3 Qd4 41. Qxd4
cxd4 42. Rb1 Nf8 43. Rb7 g5 44. h5 a5 45. Rf7 Nh7 46. Rd7 Ra1 47. Rxd6 a4 48.
Ra6 Nf8 49. Ra7 a3 50. Bc2 Nd7 51. Rgxa3 Rc1 52. Rxd7 Rxc2 53. Rc7 1-0

[Event "Brandenburg 2-NRW"]
[Site "?"]
[Date "2015.09.12"]
[Round "7.1"]
[White "Khanukov, Boris"]
[Black "Ellenberg, Ekkehard"]
[Result "1-0"]
[WhiteElo "2334"]
[BlackElo "2106"]

1. d4 Nf6 2. Nf3 e6 3. g3 c5 4. Bg2 Nc6 5. O-O d5 6. b3 cxd4 7. Nxd4 Bc5 8. Bb2
O-O 9. e3 Re8 10. Nd2 e5 11. Nxc6 bxc6 12. c4 Qb6 13. Qc2 Bg4 14. Rac1 Rac8 15.
Nf3 Qb8 16. h3 Bh5 17. cxd5 Bxf3 18. Bxf3 cxd5 19. Qf5 Bd6 20. Rfd1 Rxc1 21.
Rxc1 Qb7 22. Qc2 Rd8 23. Qc6 Qxc6 24. Rxc6 Kf8 25. Be2 Ke7 26. f4 exf4 27. gxf4
Rd7 28. Bd4 Bb8 29. Ba6 Rc7 30. Rxc7+ Bxc7 31. Bxa7 Ne4 32. Bd4 g6 33. Bb7 Ke6
34. Kf1 Nd6 35. Ba6 Kd7 36. Ke2 Nf5 37. Bb5+ Ke6 38. Ba7 h5 39. Kd3 f6 40. Be8
1-0

[Event "Brandenburg 2-NRW"]
[Site "?"]
[Date "2015.09.12"]
[Round "7.2"]
[White "Urban, Hans-Rainer"]
[Black "Rotstein, Jefim"]
[Result "1/2-1/2"]
[WhiteElo "2076"]
[BlackElo "2317"]
[PlyCount "147"]
[EventDate "2015.??.??"]
[WhiteTeam "Brandenburg 2"]
[BlackTeam "NRW"]

1. c4 e5 2. Nc3 d6 3. e3 Nf6 4. d4 Nbd7 5. Nf3 Be7 6. Be2 O-O 7. O-O c6 8. Qc2
Qc7 9. b3 Re8 10. Rd1 a6 11. Bb2 b6 12. Rac1 Bb7 13. Bd3 Rac8 14. Ng5 g6 15. f4
exd4 16. exd4 d5 17. Qd2 Bd6 18. g3 Qd8 19. Re1 Rxe1+ 20. Rxe1 c5 21. cxd5 cxd4
22. Nce4 Bf8 23. Bxd4 h6 24. Nf3 Nxd5 25. Rc1 Rxc1+ 26. Qxc1 Nb4 27. Ba1 Nxd3
28. Qc3 N7e5 29. Nxe5 Bg7 30. Qxd3 Qxd3 31. Nxd3 Bxa1 32. Nd6 Bf3 33. Kf2 Bd1
34. Ke3 Bf6 35. Kd2 Bg4 36. Nc4 Bd4 37. Nce5 Be6 38. Nf3 Bf6 39. Nde5 Kf8 40.
Kd3 Ke7 41. Kd4 Kd6 42. Nd2 Kc7 43. Ne4 Be7 44. Nf3 a5 45. Nc3 Bc5+ 46. Kd3 Bf5+
47. Kc4 Be6+ 48. Kd3 f6 49. Ne4 Be7 50. Nd4 Bh3 51. Nb5+ Kd7 52. Nd4 Bf1+ 53.
Kc2 f5 54. Nd2 Ba6 55. N4f3 Ke6 56. Nc4 Bc5 57. Nce5 Bb7 58. Kd3 g5 59. Nd4+ Kf6
60. Nd7+ Kg6 61. Nxc5 bxc5 62. Ne6 Ba6+ 63. Ke3 c4 64. Nc5 Bb5 65. a4 cxb3 66.
Nxb3 Bxa4 67. Nxa5 Kh5 68. fxg5 hxg5 69. Kf2 Kg4 70. Kg2 Bb5 71. h3+ Kh5 72. Nb3
Kg6 73. Nd4 Bc4 74. h4 1/2-1/2

[Event "Brandenburg 2-NRW"]
[Site "?"]
[Date "2015.09.12"]
[Round "7.3"]
[White "Hassenrueck, Helmut"]
[Black "Nuenchert, Eveline"]
[Result "1-0"]
[WhiteElo "2248"]
[BlackElo "2054"]

1. d4 Nf6 2. Nf3 c5 3. d5 d6 4. Nc3 g6 5. e4 Bg7 6. Bb5+ Nfd7 7. a4 O-O 8. O-O
Na6 9. Re1 Nc7 10. Bf1 a6 11. a5 b5 12. axb6 Nxb6 13. Nd2 Bd7 14. Nc4 Nxc4 15.
Bxc4 Nb5 16. Ne2 Qb6 17. c3 Rfb8 18. Bg5 Bf8 19. Ng3 Nc7 20. Ra2 Bb5 21. Bb3 h6
22. Be3 Be2 23. Qxe2 Qxb3 24. Rea1 Bg7 25. Qd2 Kh7 26. h4 Qb5 27. h5 Qd7 28. Qe2
Rb3 29. f4 Rab8 30. hxg6+ fxg6 31. f5 g5 32. Rf1 Qb5 33. Qh5 Qe8 34. Qh3 Bf6 35.
Bc1 Qf7 36. Rd1 1-0

[Event "Brandenburg 2-NRW"]
[Site "?"]
[Date "2015.09.12"]
[Round "7.4"]
[White "Heckert, Klaus-Dieter"]
[Black "Neese, Hans-Joachim"]
[Result "1/2-1/2"]
[WhiteElo "2064"]
[BlackElo "2175"]

1. f4 d5 2. Nf3 c5 3. g3 Nc6 4. Bg2 Bf5 5. d3 Nf6 6. Nc3 e6 7. O-O Be7 8. e3 a6
9. Qe2 O-O 10. e4 Bg4 11. e5 Nd7 12. Qf2 b5 13. h3 Bxf3 14. Bxf3 Nd4 15. Bd1 f6
16. exf6 Rxf6 17. Ne2 Nc6 18. Kh2 Bd6 19. c3 Qc7 20. d4 c4 21. Ng1 g5 22. Bg4
Raf8 23. Kh1 e5 24. dxe5 Ndxe5 25. Bf3 Nxf3 26. Qxf3 Qf7 27. Ne2 Ne5 28. Qg2 Ng6
29. Be3 h5 30. Rf2 Kh7 31. Raf1 gxf4 32. gxf4 Nh4 33. Qg5 Nf5 34. Bd4 Nxd4 35.
Nxd4 Rg8 36. Qh4 Qg6 37. f5 Qg5 38. Qxg5 Rxg5 39. Rg2 Rxg2 40. Kxg2 Be5 41. Nc2
a5 42. Ne3 d4 43. cxd4 Bxd4 44. Nd1 Rd6 45. Kf3 Kg7 46. Ke4 Kf6 47. Nc3 Bxc3 48.
bxc3 b4 49. cxb4 axb4 50. Rb1 Rb6 51. Rg1 Kf7 52. Kd4 b3 53. axb3 cxb3 54. Kc3
Rb5 55. Rb1 Kf6 56. Rxb3 Rxf5 57. Kd2 Kg5 58. Ke2 Kh4 59. Rf3 1/2-1/2

[Event "Mecklenburg-Vorpommern 1-Hamburg 2"]
[Site "?"]
[Date "2015.09.12"]
[Round "7.1"]
[White "Varain, Ernst-Helmuth"]
[Black "Ackermann, Hans Werner"]
[Result "1/2-1/2"]
[WhiteElo "2079"]
[BlackElo "2333"]

1. d4 Nf6 2. Nf3 e6 3. g3 b6 4. Bg2 Bb7 5. O-O c5 6. c3 Be7 7. Re1 O-O 8. Bg5 h6
9. Bf4 d6 10. Na3 cxd4 11. cxd4 Nd5 12. Bd2 Nc6 13. Nb5 a6 14. Nc3 Nxc3 15. Bxc3
d5 16. Rc1 a5 17. Ne5 Rc8 18. a3 Bd6 19. Qd3 Ne7 20. Bh3 Rc7 21. Bd2 Nc6 22. f4
Nxe5 23. fxe5 Be7 24. Rxc7 Qxc7 25. Rc1 Qd7 26. Rc3 Rc8 27. Rxc8+ Bxc8 28. Qb3
Qc6 29. Qc3 Qxc3 30. Bxc3 Ba6 31. Kf2 Kf8 32. Bg4 Ke8 33. Bh5 Bc4 34. Ke1 g6 35.
Bf3 Kd7 36. Kd2 Bg5+ 37. e3 Kc6 38. h4 Be7 39. Kc2 Bf1 40. Bd2 Bh3 41. e4 h5 42.
exd5+ exd5 43. Kc3 Bf5 44. Be2 b5 45. b4 axb4+ 46. axb4 Bb1 47. Kb2 Be4 48. Kc3
Kb6 49. Bf1 Bf3 50. Bd3 Ka6 51. e6 fxe6 52. Bxg6 Kb7 53. Bd3 Kc6 54. Bf4 Bg4 55.
Be5 Bf8 56. Bg6 Kd7 57. Bd3 Kc6 58. Bg6 Kd7 59. Bd3 Kc6 60. Bg6 1/2-1/2

[Event "Mecklenburg-Vorpommern 1-Hamburg 2"]
[Site "?"]
[Date "2015.09.12"]
[Round "7.2"]
[White "Jeske, Eckhard"]
[Black "Gerigk, Wolf"]
[Result "1-0"]
[WhiteElo "2144"]
[BlackElo "2055"]

1. c4 f5 2. Nf3 Nf6 3. Nc3 g6 4. d4 Bg7 5. g3 O-O 6. Bg2 d6 7. O-O Nc6 8. d5 Na5
9. Qd3 c5 10. Nd2 a6 11. b3 Bd7 12. Bb2 Rb8 13. a4 Re8 14. e3 e5 15. dxe6 Bxe6
16. Rab1 Nc6 17. Nd5 Ne5 18. Nxf6+ Bxf6 19. Qe2 d5 20. Bxe5 Bxe5 21. cxd5 Bxd5
22. Bxd5+ Qxd5 23. Nc4 b5 24. Rfd1 Qe4 25. Nxe5 Qxe5 26. axb5 axb5 27. Rd2 Qe6
28. Rc2 Rec8 29. h4 h5 30. Rc3 b4 31. Rc4 Ra8 32. Rbc1 Qe5 33. Qd1 Rc7 34. Kg2
Kf7 35. Qc2 Rac8 36. Qd3 Ke6 37. e4 Kf7 38. exf5 gxf5 39. Rf4 Kg6 40. Rd1 Re7
41. Qa6+ 1-0

[Event "Mecklenburg-Vorpommern 1-Hamburg 2"]
[Site "?"]
[Date "2015.09.12"]
[Round "7.3"]
[White "Duemmke, Juergen"]
[Black "Pruesse, Horst"]
[Result "1/2-1/2"]
[WhiteElo "1975"]
[BlackElo "2037"]

1. d4 Nf6 2. Nf3 e6 3. Bf4 c5 4. e3 b6 5. Be2 Bb7 6. O-O Be7 7. Nbd2 Nh5 8. Be5
d6 9. Bg3 Nxg3 10. hxg3 Nd7 11. c3 d5 12. Bd3 O-O 1/2-1/2

[Event "Mecklenburg-Vorpommern 1-Hamburg 2"]
[Site "?"]
[Date "2015.09.12"]
[Round "7.4"]
[White "Kliewe, Hans-Juergen"]
[Black "Krotofil, Kurt"]
[Result "1-0"]
[WhiteElo "2026"]
[BlackElo "1958"]

1. d4 Nf6 2. Nf3 c5 3. c3 e6 4. Bf4 Nc6 5. e3 Be7 6. h3 O-O 7. Bd3 d6 8. O-O b6
9. Qe2 Qc7 10. Bh2 Bb7 11. Nbd2 Rfe8 12. Nb3 e5 13. dxe5 dxe5 14. Bc4 Bd6 15.
Rfd1 a6 16. a4 Nd8 17. Nbd2 Qc6 18. Ne1 Ne6 19. f3 Nc7 20. Bd3 b5 21. Ne4 Nxe4
22. Bxe4 Qb6 23. Bxb7 1-0

[Event "Wuerttemberg 2-Berlin 3"]
[Site "?"]
[Date "2015.09.12"]
[Round "7.2"]
[White "Schmid, Hartmut"]
[Black "Kollberg, Lothar"]
[Result "1/2-1/2"]
[WhiteElo "2147"]
[BlackElo "2099"]

1. c4 g6 2. d4 Bg7 3. Nc3 Nf6 4. e4 d6 5. f4 c5 6. d5 O-O 7. Nf3 e6 8. Be2 exd5
9. e5 dxe5 10. fxe5 Ng4 11. Bg5 f6 12. exf6 Bxf6 13. Bxf6 Nxf6 14. cxd5 Ne8 15.
O-O Nd6 16. Qd2 Nd7 17. Ng5 Nf6 18. Bf3 Kg7 19. Qe3 Nf5 20. Qxc5 Nxd5 21. Nge4
Nxc3 22. Qe5+ Kg8 23. bxc3 Qb6+ 24. Kh1 Qe6 25. Qa5 b6 26. Qa3 Rb8 27. Rae1 a5
28. Ng5 Qf6 29. Qb3+ Kg7 30. Ne6+ Bxe6 31. Rxe6 Qh4 32. Rfe1 Rf7 33. Qd5 Qf4 34.
Qd1 Qc7 35. Qa1 Qc4 36. R1e4 Qc5 37. c4+ Kg8 38. Re8+ Rf8 39. R4e5 Qd4 40. Qe1
Rbxe8 41. Rxe8 Rxe8 42. Qxe8+ Kg7 43. Qe2 Ne3 44. Qe1 Nxc4 45. Qe7+ Kg8 46. Qe8+
Kg7 47. Qe7+ Kg8 48. Qe8+ 1/2-1/2

[Event "Wuerttemberg 2-Berlin 3"]
[Site "?"]
[Date "2015.09.12"]
[Round "7.3"]
[White "Shapiro, Yosip"]
[Black "Lainburg, Viktor"]
[Result "1-0"]
[WhiteElo "2101"]
[BlackElo "2127"]
[PlyCount "93"]
[EventDate "2015.??.??"]
[WhiteTeam "SV Berolina Mitte"]
[BlackTeam "Wuerttemberg 2"]

1. Nf3 Nf6 2. c4 c5 3. Nc3 e6 4. d4 cxd4 5. Nxd4 a6 6. g3 Qc7 7. Qd3 d6 8. Bg2
Be7 9. O-O O-O 10. Be3 Ng4 11. Bf4 g5 12. h3 Ne5 13. Bxe5 dxe5 14. Nb3 Bd7 15.
Rac1 Bc6 16. Nd5 exd5 17. cxd5 Rd8 18. Qc2 a5 19. dxc6 Nxc6 20. Nc5 Nd4 21. Qc4
Rac8 22. e3 Ne6 23. Nxe6 Qxc4 24. Rxc4 Rxc4 25. Nxd8 Bxd8 26. Rd1 Bf6 27. Rd7 e4
28. Rxb7 Rc1+ 29. Bf1 Rc2 30. b3 Rxa2 31. Bc4 Bc3 32. Rxf7 Kh8 33. h4 gxh4 34.
gxh4 a4 35. bxa4 Rxa4 36. Bd5 h6 37. Kg2 Be5 38. h5 Bg7 39. Re7 Bf6 40. Re8+ Kg7
41. Rg8+ Kh7 42. Re8 Kg7 43. Bxe4 Ra7 44. Bd5 Ra5 45. Rg8+ Kh7 46. Rg6 Bh4 47.
Be4 1-0

[Event "Wuerttemberg 2-Berlin 3"]
[Site "?"]
[Date "2015.09.12"]
[Round "7.4"]
[White "Engbrecht, Helmut"]
[Black "Glatthor, Thomas"]
[Result "0-1"]
[WhiteElo "2004"]
[BlackElo "2047"]

1. e4 d6 2. Nc3 g6 3. Bc4 Bg7 4. Nf3 Nf6 5. O-O O-O 6. Bb3 c6 7. d4 b5 8. Bg5 h6
9. Bxf6 Bxf6 10. e5 Bg7 11. Ne4 d5 12. Ng3 a5 13. c3 f5 14. exf6 Bxf6 15. Qd3
Qe8 16. Bc2 Kg7 17. Ne5 Bxe5 18. dxe5 Bf5 19. Nxf5+ gxf5 20. g4 e6 21. Kh1 Ra7
22. Rg1 Kh8 23. g5 Qh5 24. f4 Rg8 25. Rg3 Rh7 26. Qd2 hxg5 27. fxg5 Nd7 28. Rg2
Nf8 29. Rag1 Ng6 30. Qe3 Qh4 31. Re2 Nf4 32. Rd2 Nh3 33. Rgg2 f4 0-1

[Event "Sachsen 2-Schleswig-Holstein 1"]
[Site "?"]
[Date "2015.09.12"]
[Round "7.1"]
[White "Salov, Sergej"]
[Black "Brauer, Christian"]
[Result "1/2-1/2"]
[WhiteElo "2251"]
[BlackElo "2106"]

1. e4 e6 2. d4 d5 3. Nd2 Nc6 4. Ngf3 Nf6 5. e5 Nd7 6. Be2 f6 7. exf6 Qxf6 8. Nf1
Bd6 9. Ne3 O-O 10. O-O Qg6 11. c4 Nf6 12. b3 Bd7 13. Bb2 Rad8 14. Ne5 Qh6 15. h3
Be8 16. N3g4 Nxg4 17. Nxg4 Qh4 18. cxd5 exd5 19. Bf3 Bf7 20. Ne5 1/2-1/2